| 000 | 00373nam a2200145Ia 4500 | ||
|---|---|---|---|
| 008 | 230312s9999||||xx |||||||||||||| ||und|| | ||
| 020 | _a0-07-225784-9 | ||
| 082 |
_a651.780 _bHAR-C |
||
| 100 | _aHarper;Annette | ||
| 245 | 0 | _aCRCP Crystal Reports Cerified Professionals | |
| 260 |
_bMcGraw Hill _aUSA _c2005 |
||
| 300 | _a852 | ||
| 650 |
_aComputer _vComputer |
||
| 942 | _cBK | ||
| 999 |
_c15373 _d15373 |
||